000 00174 a2200097 4500
020 _a9788434817029
041 _aspa
100 _aLobe, Mira
245 _aBerni
942 _cBK
999 _c15489
_d15489